Eutanasia / (Registro nro. 61360)

Detalles MARC
000 -LEADER
campo de control de longitud fija 00564nam a2200181 i 4500
001 - NÚMERO DE CONTROL
campo de control 61360
003 - IDENTIFICADOR DE NÚMERO DE CONTROL
campo de control ES-MaACL
005 - FECHA Y HORA DE LA ÚLTIMA TRANSACCIÓN
campo de control 20250826111423.0
007 - CAMPO FIJO DE DESCRIPCIÓN FÍSICA--INFORMACIÓN GENERAL
campo de control de longitud fija t|
008 - DATOS DE LONGITUD FIJA--INFORMACIÓN GENERAL
campo de control de longitud fija 031111s1951 sp ||||1| spa d
245 00 - MENCIÓN DEL TÍTULO
Título Eutanasia /
Mención de responsabilidad, etc. L. Portes...[et al.] ; [traducido del original francés por Antonio Sancho].
260 ## - PUBLICACIÓN, DISTRIBUCIÓN, ETC.
Lugar de publicación, distribución, etc. Madrid :
Nombre del editor, distribuidor, etc. Studium de Cultura,
Fecha de publicación, distribución, etc. [1951] (
Fabricante Halar)
300 ## - DESCRIPCIÓN FÍSICA
Extensión 87 p. ;
Dimensiones 19 cm.
700 1# - ENTRADA AGREGADA--NOMBRE PERSONAL
Nombre de persona Portes, L.
9 (RLIN) 93238
700 1# - ENTRADA AGREGADA--NOMBRE PERSONAL
Nombre de persona Sancho Nebot, Antonio,
Fechas asociadas al nombre 1884-1961
9 (RLIN) 103048
852 ## - LOCALIZACIÓN
Ubicación ES-MaACL
Número de control de estantería D-6119
Sublocalización o colección R.31182
Existencias
Estatus retirado Estado de pérdida Estado de daño No para préstamo Biblioteca de origen Biblioteca actual Ubicación en estantería Fecha de adquisición Fuente de adquisición Total de préstamos Signatura topográfica completa Código de barras Visto por última vez Precio de reemplazo Tipo de ítem Koha
        Biblioteca del Ateneo de Madrid Biblioteca del Ateneo de Madrid Sala Valle Inclán 17/01/2008     D-6119 901064343 23/02/2023 23/02/2023 Libro impreso